01526nam a2200385 i 4500001000700000003000800007005001700015006001900032007001500051008004100066020001800107035002300125035002400148035002500172035002100197040003100218050002300249082001900272245007700291264006000368300004100428336003100469337003300500338004300533500002300576588012500599590016400724650004200888650003700930655002700967700004600994797001901040856006201059999001901121105759FlNmELB20241217173630.0m o d | cr cnu||||||||140312s2005 mx o 001 0 spa d z9789707223769 a(MiAaPQ)EBC3217629 a(Au-PeEL)EBL3217629 a(CaPaEBR)ebr10831770 a(OCoLC)992043445 aFINmELBbspaerdacFINmELB 4aG155.M6bT938 20050 a338.47917222300aTurismo :bteoría y praxis /cAlejandro Palafox Muñoz (coordinador). 1aMéxico D.F. :bPlaza y Valdés, S.A. de C.V.,c2005. a1 recurso en línea (338 páginas) atextobtxt2rdacontent/spa acomputadorabc2rdamedia/spa arecurso en líneabcr2rdacarrier/spa aContiene índice. aDescripción basada en recurso en línea; Título de la página del título en PDF (e-libro, visto March 12, 2014). aRecurso electrónico. Santa Fe, Arg.: e-libro, 2015. Disponible vía World Wide Web. El acceso puede estar limitado para las bibliotecas afiliadas a e-libro. 4aTurismoxAspectos socialeszMéxico. 0aTourismxSocial aspectszMexico. 4aLibros electrónicos.1 aPalafox Muñoz, Alejandro,ecoordinador.2 ae-libro, Corp.40uhttps://elibro.net/ereader/politecnicointernacional/75676 c105759d105759